| 000 | 01203nam a22002537a 4500 | ||
|---|---|---|---|
| 005 | 20240530110455.0 | ||
| 008 | 150601s2003 ku a g b 000 0 ara d | ||
| 017 |
_a1424/5850 _bالسعودية . مكتبة الملك فهد الوطنية |
||
| 020 | _a996044046x | ||
| 040 | _aEG-CaGPL | ||
| 082 | 0 | 4 |
_221 _a953.503\ _bص ح |
| 100 | 0 | _aصالح بن مرعى القرنى | |
| 245 | 1 | 2 |
_aالحملات البريطانية ضد القواسم 1805 - 1820 م / _cصالح بن مرعى القرنى |
| 250 | _aط1. | ||
| 260 |
_aالكويت : _bمكتبة الفلاح للنشر و التوزيع ، _c2003 . |
||
| 300 |
_a176 ص : _bايض ؛ _c22 سم. |
||
| 650 | 0 | 4 | _aالاستعمار البريطانى . |
| 650 | 0 | 4 | _aالاستعمار فى البلاد العربية . |
| 651 | 0 | 4 |
_aالامارات العربية المتحدة _xتاريخ . |
| 651 | 0 | 4 |
_aالامارات العربية المتحدة _xتاريخ _yالعصر الحديث _yالقواسم . |
| 651 | 0 | 4 |
_aالامارات العربية المتحدة _xتاريخ _yالعصر الحديث _yالاحتلال البريطانى . |
| 942 |
_2ddc _cBK |
||
| 999 |
_c61340 _d61340 |
||